Guess the Anime by It's Description (2020) - Statistics

General Stats
  • This quiz has been taken 481 times
  • The average score is 28 of 50
Answer Stats
Hint Answer % Correct
Humanity lives inside 3 gigantic walls to keep out the giant humanoid creatures known as Titans Attack on Titan
95%
Midoriya inherits a quirk from his favorite superhero and then enrolls in one of the most famous superhero schools in the country My Hero Academia
92%
Luffy travels the world in search of Gol D Rogers great treasure and to become the next pirate king One Piece
92%
Light Yagami finds a mysterious notebook and uses it to cleanse humanity of crime Death Note
90%
______ Uzumaki wants to become the Hokage of the Hidden Leaf Village Naruto
90%
Volleyball Anime Haikyuu!
87%
Gon embarks on a journey to find his dad by enlisting in the "Hunter Exam" Hunter x Hunter
87%
Tanjiro loses all of his family members to demons except his sister Nezuko. He goes on a journey to turn Nezuko back into a human Demon Slayer
86%
Saitama is bored of defeating everything in one hit One Punch Man
86%
Soma goes to one of the best culinary schools in the country Food Wars
79%
Two brothers search for a philosophers stone Fullmetal Alchemist
78%
Mob is a very powerful psychic but refuses to use his abilities on others unless he has to Mob Psycho 100
77%
Asta and Yuno are rivals that wish to become the Wizard King, so at the age of 15 they travel to the capital of Clover Kingdom and join the magic knights Black Clover
75%
Lucy joins a magic guild that is all about friendship Fairy Tail
73%
A parasite attaches itself onto a high school boy, after failing to take over the boys body he is stuck as his right hand. The parasite is named Migi and the boy is Shinichi Parasyte: The Maxim
73%
Despite being the son of Satan himself, Rin wants to defeat him using the blue flames he gained Blue Exorcist
71%
Subaru finds himself in another world with the ability to respawn every time he dies Re:Zero
71%
Two siblings are summoned to a virtual world where games are the law No Game No Life
70%
Overpowered skeleton and his team kill and torture everybody Overlord
65%
Kazuma dies an embarrassing death and wakes up to see a goddess named aqua. Aqua tells Kazuma that he has the choice to either go to heaven or be reincarnated in a fantasy world as the hero. Kazuma chooses the fantasy world route, but decides to bring aqua along with him. Now an adventurer, Kazuma teams up with a useless goddess, a masochist, and a phony wizard to kill the Demon King Konosuba
64%
Self proclaimed scientist creates a microwave time machine Steins Gate
64%
A school based on gambling Kakegurui
63%
Two tsunderes, the student council president and the vice-president, love each other but do not want to admit it. The story revolves around them trying to get the other to confess their feelings using mind games Kaguya-sama: Love is War
60%
The story focuses on three two person teams, each team consists of one meister and at least one weapon. Their goal is to collect 99 evil human souls and 1 witch soul so that they can become a "Death Scythe" Soul Eater
59%
Britannia has conquered Japan, a lost prince tries to reclaim it and take control of Britannia to bring peace to the world Code Geass
58%
Ishida used to bully Shoko when they were in elementary school. Now in high school, Ishida meets Shoko again and wants to apologize for what he has done A Silent Voice
57%
The story of members of the _____ bloodline. This Manga/Anime is divided into 8 parts, each part has a different protagonist that is apart of the same family tree. Their names are all similar and they each have their own villain that they are destined to fight. Jojos Bizarre Adventure
56%
A women loses her hand in a war, after the war she tries to make a living by writing letters as an Auto Memory Doll Violet Evergarden
55%
In the land after death, Otonashi wakes up in a school and joins a resistant group of students that rebels against "Angel", a girl who tries to end their lives peacefully Angel Beats
54%
Ayanokoji goes to an elite high school and helps his class rise from Class D to Class A Classroom of the Elite
53%
5 guys in a school try to peak into the girls locker room and get caught. They are put in prison by the females and are constantly tortured (comedy anime) Prison School
53%
Thorfinn vows to kill Askeladd and follows him on his journey and occasionally challenges him to duels Vinland Saga
53%
Aladdin and Alibaba enter a dungeon and defeat it, the story from here is a political/shounen anime (idk how to describe it) Magi: The Labrynth of Magic
45%
Yuu Otosaka gets caught using his powers to cheat in school by Nao Tomori. She brings him to a special school filled with people that also have powers. Their job is to bring people with powers into their school so they dont get caught by scientist and experimented on Charlotte
39%
Ryuuko tries to find the person that killed her father, the only clue she has is half of a giant scissor, which was left behind at the crime scene Kill la Kill
39%
Naofumi gets summoned to another world and has to fight off waves of monsters to save the world. However, something unexpected happened and now he fights alone Rising of the Shield Hero
38%
Basically a battle royal between 7 pairs of a master and their servant. Masters are mages (people who can use magic), and servants are historical figures in the past that are summoned to the modern day to fight in a death battle.This is the prequel of the original story Fate/Zero
33%
A guy in his 20's gets the opportunity to relive his high school senior year in order to fix his current life ReLife
32%
Guy loses all his limbs and he travels with a kid to retrieve his body back. For every demon he kills he gets a body part back Dororo
30%
Hikigaya joins the service club with Yukino and Yui Oregairu
28%
Tomoya Okazaki befriends Nagisa and starts to help other female students problems Clannad
27%
Underground humans come up to the surface and try to eliminate the species that live above on the surface of the earth for hunting humans (A Mecha anime) Gurren Lagann
26%
The story is based on a group of 4 students solving mysteries, the main character is sort of lazy Hyouka
25%
High school delinquent has to raise Satans son Beelzebub
24%
Iori joins a diving club at his new college but finds out the members are alcoholics Grand Blue
20%
A military isekai GATE
18%
Love story between a mythological goddess and a merchant Spice and Wolf
18%
Tsuna is told by a baby that he is going to be the 10th mafia boss of the Vongola family. The baby then trains him to not be a coward and teaches him what it means to be the head of the Maifa Hitman Reborn
17%
Naota meets an alien girl named Haruko who makes a robot come out of his head. The weirdest anime ever. FLCL
10%
The devil opens a portal to the human world and finds himself in the middle of Tokyo with no magical powers, he then decides to work at McDonald's The Devil is a Partimer
7%
No matching quizzes found
Score Distribution
Percent of People with Each Score
Percentile by Number Answered
Your Score History
You have not taken this quiz